Some aspects of road transport in eastern districts of Vidarbha (Record no. 20523)

MARC details
000 -LEADER
fixed length control field 00346nam a2200133Ia 4500
082 ## - DEWEY DECIMAL CLASSIFICATION NUMBER
Classification number TM.0283
100 ## - MAIN ENTRY--AUTHOR NAME
Personal name Modak, S.K.
245 #0 - TITLE STATEMENT
Title Some aspects of road transport in eastern districts of Vidarbha
250 ## - EDITION STATEMENT
Edition statement Nagpur University
260 ## - PUBLICATION, DISTRIBUTION, ETC. (IMPRINT)
Year of publication 1968
300 ## - PHYSICAL DESCRIPTION
Number of Pages 479p. + C D -27
942 ## - ADDED ENTRY ELEMENTS (KOHA)
Koha item type Books
Holdings
Withdrawn status Lost status Damaged status Not for loan Home library Current library Date acquired Full call number Accession Number Price effective from Koha item type
        NASSDOC Library NASSDOC Library 08/10/2004 TM.0283 2510 18/04/2019 Books